Pokémon - Les attaques de Lugia - Statistiques

Statistiques générales
  • Ce quiz a été pris 36 fois
  • Le résultat moyen est 9 sur 15
Statistiques - réponses
Niveaux Types Noms des attaques % Correct
Niveau 72 Eau Hydrocanon
100%
Niveau 54 Vol Aéroblast
90%
Départ Roche Pouvoir Antique
72%
Départ Vol Tornade
72%
Niveau 63 Eau Danse Pluie
69%
Niveau 9 Glace Brume
66%
Niveau 90 Vol Piqué
66%
Niveau 36 Psy Extrasenseur
62%
Niveau 27 Psy Plénitude
62%
Départ Dragon Draco-Charge
55%
Niveau 45 Normal Soin
55%
Niveau 81 Psy Prescience
52%
Niveau 18 Normal Rune Protect
48%
Départ Normal Cyclone
28%
Départ Normal Ball'Météo
17%
Aucun quiz correspondant
Distribution des résultats
% des personnes avec chaque résultat
Percentile par nombre de réponses
Votre historique - résultats
Vous n’avez pas pris ce quiz